000 01238cam a2200289 i 4500
003 SA-RiAUC
005 20250610093702.0
008 250604s1996 su g 00000 ara c
040 _aSA-RiAUC
_bara
_cSA-RiAUC
_erda
043 _aar-----
_aa-su---
_aap-----
082 0 4 _a953.11
090 _a953.11
_b ح ر ب
100 1 _aالحربي، فايز بن موسى،
_d1376 هجري-
_eمؤلف.
245 1 0 _aمن أخبار القبائل في نجد خلال الفترة من (850-1200 هـ. / 1445-1785 م) /
_cإعداد فائز بن موسى البدراني الحربي.
250 _aالطبعة الثانية.
264 1 _aالرياض :
_bدار البدراني للنشر والتوزيع،
_c1996
300 _aمجلد ؛
_c24 سم
336 _aنص
_btxt
_2rdacontent
_3كتاب
337 _aبدون وسيط
_bn
_2rdamedia
338 _aمجلد
_bnc
_2rdacarrier
650 7 _aالقبائل العربية
_zدول الخليج العربية
_2aucsh
651 7 _aالسعودية
_xتاريخ
_2aucsh
651 7 _aشبه الجزيرة العربية
_xتاريخ
_2aucsh
651 7 _aنجد (السعودية)
_xتاريخ
_2aucsh
942 _2ddc
_cBOOK
_n0
949 _aSA-JeALM
_d250604
_umohamedma123
_n1
999 _c8777
_d8777